000 00677nam a2200193 i 4500
001 164542
003 ES-MaACL
005 20231229063050.0
008 950407s1885 sp |||| | spa d
040 _aEUS
_bspa
_cEUS
100 1 _aSánchez, Miguel,
_d1833-1889
_9102411
245 1 3 _aEl catolicismo y el libre-cambio
_b: carta al Sr. Ortí y Lara /
_cpor Miguel Sánchez.
260 _aMadrid :
_b[s.n.],
_c1885 (
_fImprenta de E. de la Riva)
300 _a109 p. ;
_c22 cm.
700 1 _aOrtí y Lara, Juan Manuel.
_987534
852 _aES-MaACL
_jFol-Laf-275
_z-- Rust.
_z-- Legado M. de la Fuente
852 _aES-MaACL
_jT-426-F-3
999 _c164542
_d164542